¡ Llego la hora para la Unidad del Pueblo ! : (Record no. 23385)

000 -CABECERA
fixed length control field 01183nam a22002537i 4500
003 - IDENTIFICADOR DEL NÚMERO DE CONTROL
control field AR-CdUCM
008 - DATOS DE LONGITUD FIJA--INFORMACIÓN GENERAL
fixed length control field 250902b20192019 pe||||| |||| 00| 0 spa d
040 ## - FUENTE DE LA CATALOGACIÓN
Agencia/entidad que catalogó originalmente la obra MUNICIPALIDAD PROVINCIAL DEL CUSCO
Entidad que transcribió la catalogación BIBLIOTECA MUNICIPAL DEL CUSCO
082 ## - NÚMERO DE LA CLASIFICACIÓN DECIMAL DEWEY
No. de Clasificación 985 / G88
Notacion interna G88
100 ## - ENTRADA PRINCIPAL--NOMBRE DE PERSONA
Nombre Personal Guevara Cusipaucar, Néstor
245 ## - MENCIÓN DE TÍTULO
Título ¡ Llego la hora para la Unidad del Pueblo ! :
Resto del título Propuesta: El pueblo organizado a un nuevo poder legislativo /
260 ## - PUBLICACIÓN, DISTRIBUCIÓN, ETC.
Lugar de publicación, distribución, etc. Cusco :
Nombre de la editorial, distribuidor, etc. Editor-Autor
Fecha de publicación, distribución, etc. 2019
300 ## - DESCRIPCIÓN FÍSICA
Nº de Páginas Extensión 72 páginas. :
Otros detalles físicos Ilustraciones
Dimensiones 21x15 cm.
505 ## - NOTA DE CONTENIDO CON FORMATO
Nota de contenido formateada 200 Años de vida republicana -- Época virreinal -- Época republicana -- Cusco, venerable ciudad abuela de América -- Partidos y agrupaciones políticas -- La población votante -- Las redes sociales -- Los medios de comunicación -- La desocupación y la falta de trabajo -- La inseguridad ciudadana -- La corrupción
650 ## - PUNTO DE ACCESO ADICIONAL DE MATERIA--TÉRMINO DE MATERIA
Descriptor Nuestro pasado
9 (RLIN) 51476
650 ## - PUNTO DE ACCESO ADICIONAL DE MATERIA--TÉRMINO DE MATERIA
Descriptor Epoca virreinal
9 (RLIN) 48188
650 ## - PUNTO DE ACCESO ADICIONAL DE MATERIA--TÉRMINO DE MATERIA
Descriptor Población
9 (RLIN) 3673
650 ## - PUNTO DE ACCESO ADICIONAL DE MATERIA--TÉRMINO DE MATERIA
Descriptor Medios de comunicación
9 (RLIN) 11199
650 ## - PUNTO DE ACCESO ADICIONAL DE MATERIA--TÉRMINO DE MATERIA
Descriptor Gobiernos democráticos
9 (RLIN) 51477
650 ## - PUNTO DE ACCESO ADICIONAL DE MATERIA--TÉRMINO DE MATERIA
Descriptor Redes sociales
9 (RLIN) 44393
942 ## - ELEMENTOS DE PUNTO DE ACCESO ADICIONAL (KOHA)
Fuente de clasificación
Tipo de item Libros-BMC
945 ## - PROCESAMIENTO DE INFORMACIÓN LOCAL (OCLC)
Catalogador pbjr
AAAA-MM-DD - Fecha de ingreso o modificacion 2-09-2025
Holdings
Estado de retiro (separado) Fuente de clasificación o esquema de estanterías Estado dañado Ubicación Sala donde se ubica Nombre de la colección Fecha de adquisición o compra Fuente de adquisición Costo, precio normal en soles Signatura topográfica Código de Barras Última vez visto (Koha) Tipo de ítem (Koha)
No     Sala Humanidades Sala Humanidades Book Cart 2025-09-02 Depósito legal 15.00 985 / G88 SH0000016997 2025-09-02 Libros-BMC

Powered by Koha